<?xml version="1.0" encoding="UTF-8"?>
<record
    xmlns:xsi="http://www.w3.org/2001/XMLSchema-instance"
    xsi:schemaLocation="http://www.loc.gov/MARC21/slim http://www.loc.gov/standards/marcxml/schema/MARC21slim.xsd"
    xmlns="http://www.loc.gov/MARC21/slim">

  <leader>00923nam a22002297a 4500</leader>
  <datafield tag="999" ind1=" " ind2=" ">
    <subfield code="c">146022</subfield>
    <subfield code="d">146022</subfield>
  </datafield>
  <controlfield tag="005">20230301114201.0</controlfield>
  <datafield tag="010" ind1=" " ind2=" ">
    <subfield code="a">1718EN-30     B-681328-339       ENG-125268       ENG-136069</subfield>
  </datafield>
  <datafield tag="020" ind1=" " ind2=" ">
    <subfield code="a">9789385958595</subfield>
    <subfield code="c">499.00</subfield>
  </datafield>
  <datafield tag="035" ind1=" " ind2=" ">
    <subfield code="a">B-681328-339       EN-108800</subfield>
  </datafield>
  <datafield tag="035" ind1=" " ind2=" ">
    <subfield code="a">EN-119601</subfield>
  </datafield>
  <datafield tag="037" ind1=" " ind2=" ">
    <subfield code="b">The Readers Paradise </subfield>
    <subfield code="a">dpl</subfield>
  </datafield>
  <datafield tag="082" ind1=" " ind2=" ">
    <subfield code="a">155.2</subfield>
  </datafield>
  <datafield tag="100" ind1=" " ind2=" ">
    <subfield code="a">Arya, Sunita </subfield>
  </datafield>
  <datafield tag="245" ind1=" " ind2=" ">
    <subfield code="a">Understanding the self / </subfield>
    <subfield code="c">by Sunita Arya [and] Indu Bala Tehlan </subfield>
  </datafield>
  <datafield tag="260" ind1=" " ind2=" ">
    <subfield code="a">New Delhi</subfield>
    <subfield code="b">The Readers Paradise </subfield>
    <subfield code="c">2017</subfield>
  </datafield>
  <datafield tag="270" ind1=" " ind2=" ">
    <subfield code="a">103, 4787/23, Ansari Road, Daryaganj, </subfield>
    <subfield code="b">New Delhi</subfield>
    <subfield code="e">110002</subfield>
  </datafield>
  <datafield tag="300" ind1=" " ind2=" ">
    <subfield code="a">139p.</subfield>
    <subfield code="c">23cm(Hb)</subfield>
  </datafield>
  <datafield tag="500" ind1=" " ind2=" ">
    <subfield code="a">Includes bibliographical references </subfield>
  </datafield>
  <datafield tag="700" ind1=" " ind2=" ">
    <subfield code="a">Tehlan, Indu Bala </subfield>
  </datafield>
  <datafield tag="942" ind1=" " ind2=" ">
    <subfield code="2">ddc</subfield>
    <subfield code="c">EN</subfield>
    <subfield code="m">ARY</subfield>
    <subfield code="h">155.2</subfield>
  </datafield>
  <datafield tag="952" ind1=" " ind2=" ">
    <subfield code="0">0</subfield>
    <subfield code="1">0</subfield>
    <subfield code="4">0</subfield>
    <subfield code="7">0</subfield>
    <subfield code="8">NFIC</subfield>
    <subfield code="a">L</subfield>
    <subfield code="b">L</subfield>
    <subfield code="d">2018-06-13</subfield>
    <subfield code="e">TRP-BL936/27.11.17/688/20.11.17/27.11.17</subfield>
    <subfield code="g">499.00</subfield>
    <subfield code="l">30</subfield>
    <subfield code="m">18</subfield>
    <subfield code="o">155.2 ARY</subfield>
    <subfield code="p">B-681328</subfield>
    <subfield code="r">2025-05-13 00:00:00</subfield>
    <subfield code="s">2025-04-01</subfield>
    <subfield code="t">1</subfield>
    <subfield code="v">499.00</subfield>
    <subfield code="y">EN</subfield>
  </datafield>
  <datafield tag="952" ind1=" " ind2=" ">
    <subfield code="0">0</subfield>
    <subfield code="1">0</subfield>
    <subfield code="4">0</subfield>
    <subfield code="7">0</subfield>
    <subfield code="8">NFIC</subfield>
    <subfield code="a">AV</subfield>
    <subfield code="b">AV</subfield>
    <subfield code="d">2018-06-13</subfield>
    <subfield code="e">TRP-BL936/27.11.17/688/20.11.17/27.11.17</subfield>
    <subfield code="g">499.00</subfield>
    <subfield code="l">15</subfield>
    <subfield code="m">2</subfield>
    <subfield code="o">155.2 ARY</subfield>
    <subfield code="p">B-681329</subfield>
    <subfield code="r">2025-03-25 00:00:00</subfield>
    <subfield code="s">2025-03-24</subfield>
    <subfield code="t">1</subfield>
    <subfield code="v">499.00</subfield>
    <subfield code="y">EN</subfield>
  </datafield>
  <datafield tag="952" ind1=" " ind2=" ">
    <subfield code="0">0</subfield>
    <subfield code="1">0</subfield>
    <subfield code="4">0</subfield>
    <subfield code="7">0</subfield>
    <subfield code="8">NFIC</subfield>
    <subfield code="a">BL1</subfield>
    <subfield code="b">BL1</subfield>
    <subfield code="d">2018-06-13</subfield>
    <subfield code="e">TRP-BL936/27.11.17/688/20.11.17/27.11.17</subfield>
    <subfield code="g">499.00</subfield>
    <subfield code="l">15</subfield>
    <subfield code="m">5</subfield>
    <subfield code="o">155.2 ARY</subfield>
    <subfield code="p">B-681330</subfield>
    <subfield code="r">2025-07-17 00:00:00</subfield>
    <subfield code="s">2025-06-20</subfield>
    <subfield code="t">1</subfield>
    <subfield code="v">499.00</subfield>
    <subfield code="y">EN</subfield>
  </datafield>
  <datafield tag="952" ind1=" " ind2=" ">
    <subfield code="0">0</subfield>
    <subfield code="1">0</subfield>
    <subfield code="4">0</subfield>
    <subfield code="7">0</subfield>
    <subfield code="8">NFIC</subfield>
    <subfield code="a">KGM</subfield>
    <subfield code="b">KGM</subfield>
    <subfield code="d">2018-06-13</subfield>
    <subfield code="e">TRP-BL936/27.11.17/688/20.11.17/27.11.17</subfield>
    <subfield code="g">499.00</subfield>
    <subfield code="l">1</subfield>
    <subfield code="o">155.2 ARY</subfield>
    <subfield code="p">B-681331</subfield>
    <subfield code="r">2021-03-26 00:00:00</subfield>
    <subfield code="s">2021-03-22</subfield>
    <subfield code="t">1</subfield>
    <subfield code="v">499.00</subfield>
    <subfield code="y">EN</subfield>
  </datafield>
  <datafield tag="952" ind1=" " ind2=" ">
    <subfield code="0">0</subfield>
    <subfield code="1">0</subfield>
    <subfield code="4">0</subfield>
    <subfield code="7">0</subfield>
    <subfield code="8">NFIC</subfield>
    <subfield code="a">PR</subfield>
    <subfield code="b">PR</subfield>
    <subfield code="d">2018-06-13</subfield>
    <subfield code="e">TRP-BL936/27.11.17/688/20.11.17/27.11.17</subfield>
    <subfield code="g">499.00</subfield>
    <subfield code="l">2</subfield>
    <subfield code="o">155.2 ARY</subfield>
    <subfield code="p">B-681332</subfield>
    <subfield code="r">2019-10-05 00:00:00</subfield>
    <subfield code="s">2019-09-28</subfield>
    <subfield code="t">1</subfield>
    <subfield code="v">499.00</subfield>
    <subfield code="y">EN</subfield>
  </datafield>
  <datafield tag="952" ind1=" " ind2=" ">
    <subfield code="0">0</subfield>
    <subfield code="1">0</subfield>
    <subfield code="4">0</subfield>
    <subfield code="7">0</subfield>
    <subfield code="8">NFIC</subfield>
    <subfield code="a">TN</subfield>
    <subfield code="b">TN</subfield>
    <subfield code="d">2018-06-13</subfield>
    <subfield code="e">TRP-BL936/27.11.17/688/20.11.17/27.11.17</subfield>
    <subfield code="g">499.00</subfield>
    <subfield code="l">8</subfield>
    <subfield code="m">4</subfield>
    <subfield code="o">155.2 ARY</subfield>
    <subfield code="p">B-681333</subfield>
    <subfield code="r">2023-02-06 00:00:00</subfield>
    <subfield code="s">2023-01-23</subfield>
    <subfield code="t">1</subfield>
    <subfield code="v">499.00</subfield>
    <subfield code="y">EN</subfield>
  </datafield>
  <datafield tag="952" ind1=" " ind2=" ">
    <subfield code="0">0</subfield>
    <subfield code="1">0</subfield>
    <subfield code="4">0</subfield>
    <subfield code="7">0</subfield>
    <subfield code="8">NFIC</subfield>
    <subfield code="a">JP</subfield>
    <subfield code="b">JP</subfield>
    <subfield code="d">2018-06-13</subfield>
    <subfield code="e">TRP-BL936/27.11.17/688/20.11.17/27.11.17</subfield>
    <subfield code="g">499.00</subfield>
    <subfield code="l">21</subfield>
    <subfield code="m">7</subfield>
    <subfield code="o">155.2 ARY</subfield>
    <subfield code="p">B-681334</subfield>
    <subfield code="r">2025-06-16 00:00:00</subfield>
    <subfield code="s">2025-05-31</subfield>
    <subfield code="t">1</subfield>
    <subfield code="v">499.00</subfield>
    <subfield code="y">EN</subfield>
  </datafield>
  <datafield tag="952" ind1=" " ind2=" ">
    <subfield code="0">0</subfield>
    <subfield code="1">0</subfield>
    <subfield code="4">0</subfield>
    <subfield code="7">0</subfield>
    <subfield code="8">NFIC</subfield>
    <subfield code="a">ZLS</subfield>
    <subfield code="b">ZLS</subfield>
    <subfield code="d">2018-06-13</subfield>
    <subfield code="e">TRP-BL936/27.11.17/688/20.11.17/27.11.17</subfield>
    <subfield code="g">499.00</subfield>
    <subfield code="l">9</subfield>
    <subfield code="m">3</subfield>
    <subfield code="o">155.2 ARY</subfield>
    <subfield code="p">B-681335</subfield>
    <subfield code="r">2025-05-09 00:00:00</subfield>
    <subfield code="s">2025-04-29</subfield>
    <subfield code="t">1</subfield>
    <subfield code="v">499.00</subfield>
    <subfield code="y">EN</subfield>
  </datafield>
  <datafield tag="952" ind1=" " ind2=" ">
    <subfield code="0">0</subfield>
    <subfield code="1">0</subfield>
    <subfield code="4">0</subfield>
    <subfield code="7">0</subfield>
    <subfield code="8">NFIC</subfield>
    <subfield code="a">NRR</subfield>
    <subfield code="b">NRR</subfield>
    <subfield code="d">2018-06-13</subfield>
    <subfield code="e">TRP-BL936/27.11.17/688/20.11.17/27.11.17</subfield>
    <subfield code="g">499.00</subfield>
    <subfield code="l">2</subfield>
    <subfield code="o">155.2 ARY</subfield>
    <subfield code="p">B-681336</subfield>
    <subfield code="r">2023-06-10 00:00:00</subfield>
    <subfield code="s">2023-05-20</subfield>
    <subfield code="t">1</subfield>
    <subfield code="v">499.00</subfield>
    <subfield code="y">EN</subfield>
  </datafield>
  <datafield tag="952" ind1=" " ind2=" ">
    <subfield code="0">0</subfield>
    <subfield code="1">0</subfield>
    <subfield code="4">0</subfield>
    <subfield code="7">0</subfield>
    <subfield code="8">NFIC</subfield>
    <subfield code="a">BKK</subfield>
    <subfield code="b">BKK</subfield>
    <subfield code="d">2018-06-13</subfield>
    <subfield code="e">TRP-BL936/27.11.17/688/20.11.17/27.11.17</subfield>
    <subfield code="g">499.00</subfield>
    <subfield code="l">1</subfield>
    <subfield code="o">155.2 ARY</subfield>
    <subfield code="p">B-681337</subfield>
    <subfield code="r">2022-11-28 00:00:00</subfield>
    <subfield code="s">2022-11-03</subfield>
    <subfield code="t">1</subfield>
    <subfield code="v">499.00</subfield>
    <subfield code="y">EN</subfield>
  </datafield>
  <datafield tag="952" ind1=" " ind2=" ">
    <subfield code="0">0</subfield>
    <subfield code="1">0</subfield>
    <subfield code="4">0</subfield>
    <subfield code="7">0</subfield>
    <subfield code="8">NFIC</subfield>
    <subfield code="a">NR</subfield>
    <subfield code="b">NR</subfield>
    <subfield code="d">2018-06-13</subfield>
    <subfield code="e">TRP-BL936/27.11.17/688/20.11.17/27.11.17</subfield>
    <subfield code="g">499.00</subfield>
    <subfield code="l">0</subfield>
    <subfield code="o">155.2 ARY</subfield>
    <subfield code="p">B-681338</subfield>
    <subfield code="r">2018-06-13 00:00:00</subfield>
    <subfield code="t">1</subfield>
    <subfield code="v">499.00</subfield>
    <subfield code="y">EN</subfield>
  </datafield>
  <datafield tag="952" ind1=" " ind2=" ">
    <subfield code="0">0</subfield>
    <subfield code="1">0</subfield>
    <subfield code="4">0</subfield>
    <subfield code="7">0</subfield>
    <subfield code="8">NFIC</subfield>
    <subfield code="a">BN</subfield>
    <subfield code="b">BN</subfield>
    <subfield code="d">2018-06-13</subfield>
    <subfield code="e">TRP-BL936/27.11.17/688/20.11.17/27.11.17</subfield>
    <subfield code="g">499.00</subfield>
    <subfield code="l">11</subfield>
    <subfield code="m">0</subfield>
    <subfield code="o">155.2 ARY</subfield>
    <subfield code="p">B-681339</subfield>
    <subfield code="r">2025-05-14 00:00:00</subfield>
    <subfield code="s">2025-04-30</subfield>
    <subfield code="t">1</subfield>
    <subfield code="v">499.00</subfield>
    <subfield code="y">EN</subfield>
  </datafield>
  <datafield tag="952" ind1=" " ind2=" ">
    <subfield code="0">0</subfield>
    <subfield code="1">0</subfield>
    <subfield code="4">0</subfield>
    <subfield code="7">0</subfield>
    <subfield code="8">NFIC</subfield>
    <subfield code="a">L</subfield>
    <subfield code="b">L</subfield>
    <subfield code="d">2019-05-22</subfield>
    <subfield code="e">DBAD/PUB</subfield>
    <subfield code="g">499.00</subfield>
    <subfield code="l">24</subfield>
    <subfield code="m">8</subfield>
    <subfield code="o">155.2 ARY</subfield>
    <subfield code="p">EN-108800</subfield>
    <subfield code="r">2026-05-02 11:46:27</subfield>
    <subfield code="s">2026-03-28</subfield>
    <subfield code="t">1</subfield>
    <subfield code="v">499.00</subfield>
    <subfield code="y">EN</subfield>
  </datafield>
  <datafield tag="952" ind1=" " ind2=" ">
    <subfield code="0">0</subfield>
    <subfield code="1">0</subfield>
    <subfield code="4">0</subfield>
    <subfield code="7">0</subfield>
    <subfield code="8">NFIC</subfield>
    <subfield code="a">DIZ</subfield>
    <subfield code="b">DIZ</subfield>
    <subfield code="d">2023-01-30</subfield>
    <subfield code="e">DBAD/PUB</subfield>
    <subfield code="g">499.00</subfield>
    <subfield code="l">3</subfield>
    <subfield code="m">5</subfield>
    <subfield code="o">155.2 ARY</subfield>
    <subfield code="p">EN-119601</subfield>
    <subfield code="r">2025-06-16 00:00:00</subfield>
    <subfield code="s">2025-05-29</subfield>
    <subfield code="t">1</subfield>
    <subfield code="v">499.00</subfield>
    <subfield code="y">EN</subfield>
  </datafield>
</record>
